| 000 | 00409 a2200157 4500 | ||
|---|---|---|---|
| 001 | 67328 | ||
| 020 | _a8515003090 | ||
| 040 | _cAnchieta - Pituba | ||
| 100 | _aMartins, Pura Lucia Oliver. | ||
| 240 | 1 | 0 |
_aDidática teórica didática prática _l |
| 245 | 1 | 0 | _aDidática teórica didática prática |
| 300 | _a181 | ||
| 362 | 0 | _a2002 | |
| 650 | 4 | _aEducação, pesquisa e tópicos relacionados | |
| 942 | _cBK | ||
| 999 |
_c67328 _d67328 |
||